000 00285nam a22001337a 4500
020 _a1-8442-2239-X
082 _a823
_bDIS/L
100 _aDISNEY, WALT
245 _aLADY AND THE TRAMP
260 _aLONDON
_bLADYBIRD
300 _a43
650 _aENGLISH SHORT STORY
_zUK
942 _cBK
999 _c3756
_d3756